Statistics for African Countries Backwards Fix - 3 Minutes

Click here to take the quiz!

General Stats

  • This quiz has been taken 29 times
  • The average score is 46 of 54

Answer Stats

HintAnswer% Correct
aireglaAlgeria
100%
dahcChad
100%
tpygeEgypt
100%
aibmagGambia
100%
anahgGhana
100%
racsagadamMadagascar
100%
ilamMali
100%
aireginNigeria
100%
ognoc eht fo cilbuperRepublic of the Congo
100%
acirfa htuosSouth Africa
100%
aertireEritrea
96%
aipoihteEthiopia
96%
aeniugGuinea
96%
uassib-aeniugGuinea-Bissau
96%
lagenesSenegal
96%
anawstobBotswana
93%
cilbuper nacirfa lartnecCentral African Republic
93%
ituobijdDjibouti
93%
enoel arreisSierra Leone
93%
ainaznatTanzania
93%
idnurubBurundi
89%
nobagGabon
89%
iwalamMalawi
89%
nadus htuosSouth Sudan
89%
nadusSudan
89%
adnaguUganda
89%
ewbabmizZimbabwe
89%
ognoc eht fo cilbuper citarcomedDemocratic Republic of the Congo
86%
euqibmazomMozambique
86%
adnawrRwanda
86%
ailamosSomalia
86%
dnalizawsSwaziland
86%
ogotTogo
86%
aibmazZambia
86%
alognaAngola
82%
aeniug lairotauqeEquatorial Guinea
82%
ohtoselLesotho
82%
soromocComoros
79%
airebilLiberia
79%
aynekKenya
75%
ninebBenin
68%
osaf anikrubBurkina Faso
68%
edrev epacCape Verde
68%
ainatiruamMauritania
68%
suitiruamMauritius
68%
occoromMorocco
68%
reginNiger
68%
epicnirp dna emot oasSao Tome and Principe
64%
nooremacCameroon
61%
tsaoc yroviIvory Coast
61%
aybilLibya
61%
aibimanNamibia
61%
sellehcyesSeychelles
61%
aisinutTunisia
61%

Score Distribution

Percentile by Number Answered

Percent of People with Each Score

Your Score History

You have not taken this quiz